Sports Quiz

Random Sports or Tennis Quiz

The best of Women's tennis in 1989 Quiz Stats

 Plays Quiz not verified by Sporcle

Challenge
Share
Tweet
Embed
Score 0/89 Timer 06:00
0 Plays Today
Hint Answer % Correct
Australian Open Singles Champion (FRG)Steffi Graf
99.2%
French Open Singles Runner-up (FRG)Steffi Graf
99.2%
Wimbledon Singles Champion (FRG)Steffi Graf
99.2%
US Open Singles Champion (FRG)Steffi Graf
99.2%
WTA Finals Singles Champion (FRG)Steffi Graf
99.2%
Washington Champion (FRG)Steffi Graf
99.2%
San Antonio Champion (FRG)Steffi Graf
99.2%
Boca Raton Champion (FRG)Steffi Graf
99.2%
Hilton Head Champion (FRG)Steffi Graf
99.2%
Hamburg Champion (FRG)Steffi Graf
99.2%
Berlin Champion (FRG)Steffi Graf
99.2%
San Diego Champion (FRG)Steffi Graf
99.2%
Mahwah Champion (FRG)Steffi Graf
99.2%
Zürich Champion (FRG)Steffi Graf
99.2%
Brighton Champion (FRG)Steffi Graf
99.2%
Wimbledon Singles Runner-up (USA)Martina Navratilova
96.9%
US Open Singles Runner-up (USA)Martina Navratilova
96.9%
Australian Open Doubles Champions (USA/USA)Martina Navratilova & Pam Shriver
96.9%
WTA Finals Singles Runner-up (USA)Martina Navratilova
96.9%
WTA Finals Doubles Champions (USA/USA)Martina Navratilova & Pam Shriver
96.9%
Sydney Champion (USA)Martina Navratilova
96.9%
Tokyo (Pan Pacific) Champion (USA)Martina Navratilova
96.9%
Birmingham Champion (USA)Martina Navratilova
96.9%
Eastbourne Champion (USA)Martina Navratilova
96.9%
Manhattan Beach Champion (USA)Martina Navratilova
96.9%
Toronto Champion (USA)Martina Navratilova
96.9%
Dallas Champion (USA)Martina Navratilova
96.9%
Worcester Champion (USA)Martina Navratilova
96.9%
Australian Open Singles Semifinalist (ARG)Gabriela Sabatini
96.2%
US Open Singles Semifinalist (ARG)Gabriela Sabatini
96.2%
Hint Answer % Correct
US Open Doubles Champions (AUS/USA)Hana Mandliková & Martina Navratilova
96.2%
Miami Champion (ARG)Gabriela Sabatini
96.2%
Amelia Island Champion (ARG)Gabriela Sabatini
96.2%
Rome Champion (ARG)Gabriela Sabatini
96.2%
Filderstadt Champion (ARG)Gabriela Sabatini
96.2%
French Open Singles Champion (ESP)Arantxa Sánchez Vicario
95.4%
Barcelona Champion (ESP)Arantxa Sánchez Vicario
95.4%
French Open Singles Semifinalist (YUG)Monica Seles
94.7%
Houston Champion (YUG)Monica Seles
94.7%
Wimbledon Doubles Champions (CZE/CZE)Jana Novotná & Helena Suková
93.1%
Australian Open Singles Runner-up (CZE)Helena Suková
89.3%
Brisbane Champion (CZE)Helena Suková
89.3%
Australian Open Mixed Doubles Champions (CZE/USA)Jana Novotná & Jim Pugh
85.5%
Wimbledon Mixed Doubles Champions (CZE/USA)Jana Novotná & Jim Pugh
85.5%
Strasbourg Champion (CZE)Jana Novotná
85.5%
US Open Singles Semifinalist (USA)Zina Garrison
84.7%
Oakland Champion (USA)Zina Garrison
84.7%
Newport Champion (USA)Zina Garrison
84.7%
Chicago Champion (USA)Zina Garrison
84.7%
Wimbledon Singles Semifinalist (USA)Chris Evert
84%
Fed Cup ChampionUSA
81.7%
Wellington Champion (ESP)Conchita Martínez
80.2%
Indian Wells Champion (BUL)Manuela Maleeva
80.2%
Tampa Champion (ESP)Conchita Martínez
80.2%
Geneva Champion (BUL)Manuela Maleeva
80.2%
Båstad Champion (BUL)Katerina Maleeva
80.2%
Scottsdale Champion (ESP)Conchita Martínez
80.2%
Bayonne Champion (BUL)Katerina Maleeva
80.2%
Indianapolis Champion (BUL)Katerina Maleeva
80.2%
French Open Doubles Champions (USSR/USSR)Larisa Savchenko & Natalia Zvereva
79.4%
Hint Answer % Correct
WTA Finals Doubles Runners-up (USSR/USSR)Larisa Savchenko & Natalia Zvereva
79.4%
Tokyo World Doubles Cup Champions (USA/USA)Gigi Fernández & Robin White
78.6%
French Open Singles Semifinalist (USA)Mary Joe Fernández
77.9%
Wimbledon Singles Semifinalist (SWE)Catarina Lindqvist
70.2%
Fed Cup Runner-upSpain
67.9%
Hopman Cup Champion Czechoslovakia
61.8%
Hopman Cup Runner-upAustralia
60.3%
Albuquerque Champion (USA)Lori McNeil
60.3%
Australian Open Singles Semifinalist (NZL)Belinda Cordwell
59.5%
Singapore Champion (NZL)Belinda Cordwell
59.5%
US Open Mixed Doubles Champions (USA/USA)Robin White & Shelby Cannon
53.4%
Wichita Champion (USA)Amy Frazier
52.7%
Nashville Champion (USSR)Leila Meskhi
48.9%
Arcachon Champion (AUT)Judith Wiesner
48.1%
Schenectady Champion (PER)Laura Gildemeister
48.1%
Paris (Clarins Open) Champion (ITA)Sandra Cecchini
48.1%
Puerto Rico Champion (PER)Laura Gildemeister
48.1%
French Open Mixed Doubles Champions (NED/NED)Manon Bollegraf & Tom Nijssen
46.6%
Oklahoma City Champion (NED)Manon Bollegraf
46.6%
Taipei Champion (AUS)Anne Minter
43.5%
Estoril Champion (FRG)Isabel Cueto
43.5%
Sofia Champion (FRG)Isabel Cueto
43.5%
Athens Champion (SWE)Cecilia Dahlman
43.5%
Auckland Champion (USA)Patty Fendick
42.7%
Brussels Champion (CZE)Radka Zrubáková
42.7%
Tokyo (Japan Open) Champion (JPN)Kumiko Okamoto
41.2%
Taranto Champion (FRA)Karine Quentrec
41.2%
Moscow Champion (USA)Gretchen Magers
41.2%
Guarujá Champion (ARG)Federica Haumuller
40.5%

You're not logged in!

Compare scores with friends on all Sporcle quizzes.
Join for Free
OR
Log In

You Might Also Like...

Show Comments

Extras

Top Quizzes Today


Score Distribution

Your Account Isn't Verified!

In order to create a playlist on Sporcle, you need to verify the email address you used during registration. Go to your Sporcle Settings to finish the process.

Report this User

Report this user for behavior that violates our Community Guidelines.

Details: